Decisiones básicas en materia de violaciones de derechos humanos

Guardat en:
Dades bibliogràfiques
Autors principals: Revenga Sánchez, Miguel (Autor), García Pascual, Cristina (Autor)
Format: Llibre
Idioma:espanyol
Publicat: Madrid Centro de Estudios Políticos y Constitucionales 2015
Col·lecció:Colección Textos y Documentos, 25
Matèries:
Etiquetes: Afegir etiqueta
Sense etiquetes, Sigues el primer a etiquetar aquest registre!

MARC

LEADER 00000cam a2200000 a 4500
001 UCC9201
003 CL-VaPUC
008 190914e20150000sp |||||||||||||||||spa|d
020 |a 9788434021990 
082 0 4 |a 341.77  |b REV  |2 21 
100 0 |a Revenga Sánchez, Miguel  |e author  |9 604121 
700 0 |a García Pascual, Cristina  |e author  |9 604122 
245 1 0 |a Decisiones básicas en materia de violaciones de derechos humanos 
300 |a 308 p 
942 |c BK 
945 |d 20190914 23:07:00  |a cmena 
260 |a Madrid  |b Centro de Estudios Políticos y Constitucionales  |c 2015 
650 0 |a Derecho penal internacional  |9 371889 
650 0 |a Derechos humanos  |9 223025 
650 0 |a Terrorismo   |9 255070 
650 0 |a Genocidio  |9 323090 
583 |a last modification  |c 20190914 23:07:00  |k Rodrigo Vera 
490 0 |a Colección Textos y Documentos, 25 
999 |c 375395  |d 375393 
952 |0 0  |1 0  |3 erb  |4 0  |6 341_770000000000000_REV_2015  |7 0  |8 WP_COW  |9 561336  |a BIBDER  |b BIBDER  |e Fundación W and P Cowley  |i 5599768  |o 341.77 REV 2015  |p 5599768  |r 2023-01-25  |w 2020-03-12  |y BK  |z Catalogado en:20190914  |k WPC